<?xml version="1.0" encoding="UTF-8"?>
<record
    xmlns:xsi="http://www.w3.org/2001/XMLSchema-instance"
    xsi:schemaLocation="http://www.loc.gov/MARC21/slim http://www.loc.gov/standards/marcxml/schema/MARC21slim.xsd"
    xmlns="http://www.loc.gov/MARC21/slim">

  <leader>01640nam1a2200361 i 4500</leader>
  <controlfield tag="001">RU\NLR\bibl\58656</controlfield>
  <controlfield tag="005">20241213082547.0</controlfield>
  <datafield tag="010" ind1=" " ind2=" ">
    <subfield code="a">5-7038-1384-0</subfield>
  </datafield>
  <datafield tag="035" ind1=" " ind2=" ">
    <subfield code="a">(NLR Aleph) 000057206</subfield>
  </datafield>
  <datafield tag="090" ind1=" " ind2=" ">
    <subfield code="a">309848</subfield>
    <subfield code="c">309848</subfield>
  </datafield>
  <datafield tag="100" ind1=" " ind2=" ">
    <subfield code="a">19991115g19999999k  y0rusy50      ca</subfield>
  </datafield>
  <datafield tag="101" ind1="0" ind2=" ">
    <subfield code="a">rus</subfield>
  </datafield>
  <datafield tag="102" ind1=" " ind2=" ">
    <subfield code="a">RU</subfield>
  </datafield>
  <datafield tag="105" ind1=" " ind2=" ">
    <subfield code="a">a   |||||||||</subfield>
  </datafield>
  <datafield tag="200" ind1="1" ind2=" ">
    <subfield code="a">&#x421;&#x43B;&#x435;&#x434;&#x44F;&#x449;&#x438;&#x435; &#x43F;&#x440;&#x438;&#x432;&#x43E;&#x434;&#x44B;</subfield>
    <subfield code="e">&#x412; 3 &#x442;.</subfield>
    <subfield code="f">[&#x415;.&#x421;. &#x411;&#x43B;&#x435;&#x439;&#x437;, &#x410;.&#x412;. &#x417;&#x438;&#x43C;&#x438;&#x43D;, &#x415;.&#x421;. &#x418;&#x432;&#x430;&#x43D;&#x43E;&#x432; &#x438; &#x434;&#x440;.]</subfield>
    <subfield code="g">&#x41F;&#x43E;&#x434; &#x440;&#x435;&#x434;. &#x434;.&#x442;.&#x43D;., &#x43F;&#x440;&#x43E;&#x444;. &#x411;.&#x41A;. &#x427;&#x435;&#x43C;&#x43E;&#x434;&#x430;&#x43D;&#x43E;&#x432;&#x430;</subfield>
  </datafield>
  <datafield tag="205" ind1=" " ind2=" ">
    <subfield code="a">2-&#x435; &#x438;&#x437;&#x434;., &#x434;&#x43E;&#x43F;. &#x438; &#x43F;&#x435;&#x440;&#x435;&#x440;&#x430;&#x431;.</subfield>
  </datafield>
  <datafield tag="210" ind1=" " ind2=" ">
    <subfield code="a">&#x41C;.</subfield>
    <subfield code="c">&#x418;&#x437;&#x434;-&#x432;&#x43E; &#x41C;&#x413;&#x422;&#x423;</subfield>
    <subfield code="d">1999</subfield>
  </datafield>
  <datafield tag="215" ind1=" " ind2=" ">
    <subfield code="d">24</subfield>
  </datafield>
  <datafield tag="313" ind1=" " ind2=" ">
    <subfield code="a">&#x421;&#x43B;&#x435;&#x434;&#x44F;&#x449;&#x438;&#x435; &#x43F;&#x440;&#x438;&#x432;&#x43E;&#x434;&#x44B; &#x434;&#x43B;&#x44F; &#x440;&#x430;&#x437;&#x43B;&#x438;&#x447;&#x43D;&#x44B;&#x445; &#x432;&#x438;&#x434;&#x43E;&#x432; &#x432;&#x43E;&#x43E;&#x440;&#x443;&#x436;&#x435;&#x43D;&#x438;&#x44F;</subfield>
  </datafield>
  <datafield tag="463" ind1=" " ind2="0">
    <subfield code="1">00156721</subfield>
  </datafield>
  <datafield tag="463" ind1=" " ind2="0">
    <subfield code="1">001451292</subfield>
  </datafield>
  <datafield tag="606" ind1="0" ind2=" ">
    <subfield code="a">&#x412;&#x43E;&#x435;&#x43D;&#x43D;&#x430;&#x44F; &#x442;&#x435;&#x445;&#x43D;&#x438;&#x43A;&#x430;</subfield>
    <subfield code="x">&#x421;&#x43B;&#x435;&#x434;&#x44F;&#x449;&#x438;&#x435; &#x44D;&#x43B;&#x435;&#x43A;&#x442;&#x440;&#x43E;&#x43F;&#x440;&#x438;&#x432;&#x43E;&#x434;&#x44B;</subfield>
    <subfield code="9">2123784</subfield>
    <subfield code="3">RU\NLR\auth\661282130</subfield>
  </datafield>
  <datafield tag="686" ind1=" " ind2=" ">
    <subfield code="a">&#x426;561.28</subfield>
  </datafield>
  <datafield tag="701" ind1=" " ind2="1">
    <subfield code="a">&#x411;&#x43B;&#x435;&#x439;&#x437;</subfield>
    <subfield code="b">&#x415;. &#x421;.</subfield>
    <subfield code="g">&#x415;&#x432;&#x433;&#x435;&#x43D;&#x438;&#x439; &#x421;&#x435;&#x43C;&#x435;&#x43D;&#x43E;&#x432;&#x438;&#x447;</subfield>
    <subfield code="4">070</subfield>
  </datafield>
  <datafield tag="701" ind1=" " ind2="1">
    <subfield code="a">&#x417;&#x438;&#x43C;&#x438;&#x43D;</subfield>
    <subfield code="b">&#x410;. &#x412;.</subfield>
    <subfield code="g">&#x410;&#x43B;&#x435;&#x43A;&#x441;&#x435;&#x439; &#x412;&#x430;&#x441;&#x438;&#x43B;&#x44C;&#x435;&#x432;&#x438;&#x447;</subfield>
    <subfield code="4">070</subfield>
  </datafield>
  <datafield tag="701" ind1=" " ind2="1">
    <subfield code="4">070</subfield>
    <subfield code="a">&#x418;&#x432;&#x430;&#x43D;&#x43E;&#x432;</subfield>
    <subfield code="b">&#x415;. &#x421;.</subfield>
    <subfield code="c">&#x43A;&#x430;&#x43D;&#x434;. &#x442;&#x435;&#x445;&#x43D;. &#x43D;&#x430;&#x443;&#x43A;, &#x43C;&#x435;&#x445;&#x430;&#x442;&#x440;&#x43E;&#x43D;&#x438;&#x43A;&#x430;</subfield>
    <subfield code="g">&#x415;&#x432;&#x433;&#x435;&#x43D;&#x438;&#x439; &#x421;&#x435;&#x440;&#x430;&#x444;&#x438;&#x43C;&#x43E;&#x432;&#x438;&#x447;</subfield>
    <subfield code="9">149788</subfield>
    <subfield code="3">RU\NLR\AUTH\770149824</subfield>
  </datafield>
  <datafield tag="702" ind1=" " ind2="1">
    <subfield code="4">340</subfield>
    <subfield code="7">ca</subfield>
    <subfield code="8">rus</subfield>
    <subfield code="a">&#x427;&#x435;&#x43C;&#x43E;&#x434;&#x430;&#x43D;&#x43E;&#x432;</subfield>
    <subfield code="b">&#x411;. &#x41A;.</subfield>
    <subfield code="c">&#x434;-&#x440; &#x442;&#x435;&#x445;&#x43D;. &#x43D;&#x430;&#x443;&#x43A;</subfield>
    <subfield code="g">&#x411;&#x43E;&#x440;&#x438;&#x441; &#x41A;&#x43E;&#x43D;&#x441;&#x442;&#x430;&#x43D;&#x442;&#x438;&#x43D;&#x43E;&#x432;&#x438;&#x447;</subfield>
    <subfield code="9">266527</subfield>
    <subfield code="3">RU\NLR\AUTH\770266583</subfield>
  </datafield>
  <datafield tag="801" ind1=" " ind2="0">
    <subfield code="a">RU</subfield>
    <subfield code="b">NLR</subfield>
    <subfield code="c">19991115</subfield>
    <subfield code="g">PSBO</subfield>
  </datafield>
  <datafield tag="801" ind1=" " ind2="1">
    <subfield code="a">RU</subfield>
    <subfield code="b">NLR</subfield>
    <subfield code="c">19991115</subfield>
  </datafield>
  <datafield tag="852" ind1=" " ind2=" ">
    <subfield code="a">NLR</subfield>
    <subfield code="j">99-7/2047</subfield>
  </datafield>
  <datafield tag="942" ind1=" " ind2=" ">
    <subfield code="c">BOOK</subfield>
  </datafield>
</record>
